| 000 | 00325cgm a2200121 a 4500 | ||
|---|---|---|---|
| 082 |
_a954.4205 _bCAN |
||
| 100 |
_aCandeth. Pvsm _949395 |
||
| 245 | 0 | 0 |
_aThe Western Front / _cCandeth. Pvsm |
| 260 |
_aBanglore : _bAllied Publishers, _c1930. |
||
| 300 | _c194 p. | ||
| 526 |
_a0 _b0 _c0 _d954_420500000000000_CAN |
||
| 942 |
_2ddc _cBK |
||
| 999 |
_c552184 _d552184 |
||